Sols RNG - All Gears - Statistics

General Stats
  • This quiz has been taken 6 times
  • The average score is 13 of 53
Answer Stats
Status Hand Ability Gear % Correct
Normal Right +25% Luck Luck Glove
100%
Normal Left Bonus Roll 2 -> 6 Gravitational Device
80%
Normal Right +15% Roll Speed Lunar Device
80%
Normal Right +700% Luck, +50% Roll Speed Starshaper
80%
Normal Left 0-30 Luck/Speed (10 Rolls) Gemstone Gauntlet
60%
Normal Right +1,500% Luck, +120% Roll Speed Heavenly Device
60%
Normal Right +50% Luck Solar Device
60%
Normal Left 100x Basic Luck (10 Rolls) Every (1000 Rolls), Removes Bonus Rolll Unfathomable Ruins
60%
Normal Left Bonus Roll Countdown 10 -> 5, 10 Rolls 2.5x Luck (20 Rolls) Darkshader
40%
Normal Right +40% Luck Desire Glove
40%
Normal Right +50% Luck, +15% Roll Speed Eclipse Device
40%
Normal Right +340% Luck, +35% Roll Speed Exoflex Device
40%
Normal Right +1,200% Luck, +100% Roll Speed Genesis Drive
40%
Normal Left +77% Luck, +7% Roll Speed (JP = $77) Jackpot Gauntlet
40%
Normal Right +850% Luck, +70% Roll Speed Neuralyzer
40%
Normal Left +500% Luck, 5 Polar Shift (30 Rolls) Pole Light Core Device
40%
Normal Right +455% Luck, +40% Roll Speed, (Windy, Rainy Hell = +45% Luck, +5% Roll Speed) Ragnaröker
40%
Normal Right +2,200% Luck, +200% Roll Speed Singularity Gauntlet
40%
Normal Left Bonus Roll (2 -> 11) The thing
40%
Normal Right +10% Roll Speed, +90% Roll Speed (Rainy) Aqua Device
20%
Normal Left Bonus Roll = 0.1% Point Chance Dark Matter Device
20%
Normal Pocket +125% Luck Day and Night Talisman
20%
Normal Right +100% Luck, +20% Roll Speed Exo Gauntlet
20%
Normal Left Bonus Roll (2.0 -> 1.3) (Every Roll) Flesh Device
20%
Normal Right +250% Luck, +30% Roll Speed Galactic Device
20%
Normal Right +395% Luck, +35% Roll Speed (15% 2x Item Chance) Hologrammer
20%
Normal Pocket +100% Luck (Nighttime) Moonstone Talisman
20%
Normal Pocket +20% Luck, +20% Luck (10 Minutes), Max = 180% Luck Overtime Talisman
20%
Limited Left 11 Rolls = 5x Luck Present Giver
20%
Normal Right +50% Luck, +200% Luck (Starfall) Shining Star
20%
Normal Pocket +100% Luck (Daytime) Sunstone Talisman
20%
Limited Left +50% Luck, Bonus Roll = Native Rainy Auras Tide Gauntlet
20%
Normal Right +290% Luck, +35% Roll Speed Volcanic Device
20%
Normal Pocket 2x Rainy Chance Abyssal Lantern
0%
Normal Pocket 2x Heaven Chance Angels Feather Lantern
0%
Limited Left Bonus Roll Countdown (10 -> 6), Bonus Roll Multiply (2 -> 3), Bonus Roll = Native Rainy Auras Blessed Tide Gauntlet
0%
Normal Pocket 2x Corruption Chance Corruption Cell Lantern
0%
Normal Pocket 2x Null Chance Darklight Lantern
0%
Normal Pocket 2x Hell Chance Eternal Flaming Lantern
0%
Normal Right +150% Luck, -25% Roll Speed Frozen Gauntlet
0%
Normal Pocket 2x Snowy Chance Frozen Lantern
0%
Normal Pocket 2x Sandstorm Chance Gilded Dust Lantern
0%
Limited Left x1.35 Basic Luck, Removes Bonus Roll, (Pumpkin Moon, Graveyard, Blood Rain = +30% Roll Speed) Ominous Coffin
0%
Limited Right +800% Luck, -50% Roll Speed Pump Punch
0%
Limited Right +300% Luck, +30% Roll Speed Snow Rider
0%
Normal Pocket Lost Soul = +0.04% Luck, Max = 400% Luck Soul Collectors Talisman
0%
Normal Pocket +500 % Luck, Lost Soul = +0.05% Luck (Max = 250% Luck) Soul Masters Talisman
0%
Normal Pocket 2x Starfall Chance Starlight Lantern
0%
Normal Right +150% Luck, +30% Roll Speed Subzero Device
0%
Limited Right +240% Luck, +30% Roll Speed, -20% Halloween Auras (Halloween Biomes) Vampire Hunter
0%
Normal Right +115% Luck, +25% Roll Speed Windstorm Device
0%
Normal Pocket 2x Windy Chance Windy Fairy Lantern
0%
Limited Left 6 Rolls = 4x Luck X-Mas Champion
0%
No matching quizzes found
Score Distribution
Percent of People with Each Score
Percentile by Number Answered
Your Score History
You have not taken this quiz